Plant biochemistry and molecular biology

This book explains the basic principles of plant metabolism and its many applications in commerce and agriculture, covering photosynthesis, primary and secondary metabolism, the function of phytohormones, and molecular engineering. It includes cel structure and function, glycerolipids, photoassimila...

Deskribapen osoa

Gorde:
Xehetasun bibliografikoak
Egile nagusia: Heldt, Hans-Walter
Formatua: Liburua
Hizkuntza:Undetermined
Argitaratua: Oxford Oxford Univ. Press 1999
Gaiak:
Etiketak: Etiketa erantsi
Etiketarik gabe, Izan zaitez lehena erregistro honi etiketa jartzen!
Thư viện lưu trữ: Trung tâm Học liệu Trường Đại học Cần Thơ
LEADER 01206nam a2200193Ia 4500
001 CTU_48828
008 210402s9999 xx 000 0 und d
082 |a 571.2 
082 |b H474 
100 |a Heldt, Hans-Walter 
245 0 |a Plant biochemistry and molecular biology 
245 0 |c Hans-Walter Heldt 
260 |a Oxford 
260 |b Oxford Univ. Press 
260 |c 1999 
520 |a This book explains the basic principles of plant metabolism and its many applications in commerce and agriculture, covering photosynthesis, primary and secondary metabolism, the function of phytohormones, and molecular engineering. It includes cel structure and function, glycerolipids, photoassimilation, polysaccharide metabolism, nitrogen fixation, phloem transport, plant storage proteins and protein biosynthesis, natural pesticides, the roles of isoprenoids and phenylpropanoids, plant growth regulation and development, and plant cell genetics and gen technology. The book also describes the many practical commercial applications of plant biochemistry, molecular biology, and biotechnology. 
650 |a Plant physiology 
904 |i Qhieu sua 
980 |a Trung tâm Học liệu Trường Đại học Cần Thơ